| 000 | 00508nam a22001457a 4500 | ||
|---|---|---|---|
| 999 |
_c4262 _d4262 |
||
| 008 | 250204b ||||| |||| 00| 0 eng d | ||
| 020 | _a9781509845989 | ||
| 082 | _a823.92 | ||
| 100 |
_aROWLAND,LUCY _eAUTHOR _lENGLISH |
||
| 245 | _aDRACULA SPECTACULAR | ||
| 260 | _bMACMILLAN | ||
| 300 |
_a17CM _bCOLOUR ILLUSTRATION |
||
| 500 | _aFULL OF SPOOKS AND SPARKLES,THIS SPECTACULAR BOOK SHOWS THAT WITH GOOD FRIENDS AND A SPRINKLING OF RAINBOW MAGIC,ANYTHING CAN HAPPEN! | ||
| 942 |
_2ddc _h823.92 |
||